| 000 | 00396nam a2200145 a 4500 | ||
|---|---|---|---|
| 001 | 1154 | ||
| 003 | CDMR | ||
| 005 | 20130116135201.0 | ||
| 008 | 130130s1989||||||||||||||||||||||||||||d | ||
| 040 |
_aCDMR _bcat _cCPC GIRONA |
||
| 100 | 1 |
_aDe Fluvià, Armand _9905 |
|
| 245 | 1 | 4 |
_aEls primitius comtats i vescomtats de Catalunya _cde Fluvià, Armand |
| 260 |
_c1989 _bEnciclopèdia catalana |
||
| 942 | _cMON | ||
| 999 |
_c1154 _d1154 |
||